|
|
|
|
| LEADER |
00840nab a2200229 i 4500 |
| 001 |
misc68369 |
| 005 |
20230216125918.0 |
| 008 |
220829s1991 hu o 0|| ger d |
| 040 |
|
|
|a SZTE Miscellanea Repozitórium
|b hun
|
| 041 |
|
|
|a ger
|
| 041 |
|
|
|a tut
|
| 100 |
1 |
|
|a Berta Árpád
|
| 245 |
1 |
0 |
|a Gedanken zur Erforschung der Wortbildungselemente im Türkischen
|h [elektronikus dokumentum] /
|c Berta Árpád
|
| 260 |
|
|
|a Akadémiai Kiadó
|b Budapest
|c 1991
|
| 300 |
|
|
|a 205-217
|c 24 cm
|
| 490 |
0 |
|
|a Acta Orientalia Academiae Scientiarum Hungaricae
|
| 561 |
|
|
|a Németh Gyula hagyaték
|
| 591 |
|
|
|a XKEK 1869;XKEK 2013;XKEK 2015;XKEK 2014;OA 7022
|
| 650 |
|
4 |
|a Bölcsészettudományok
|
| 650 |
|
4 |
|a Nyelvek és irodalom
|
| 695 |
|
|
|a Török nyelv - alaktan
|
| 856 |
4 |
0 |
|u http://misc.bibl.u-szeged.hu/68369/1/7022_oa.pdf
|z Dokumentum-elérés
|